| 000 | 00501 a2200181 4500 | ||
|---|---|---|---|
| 003 | OSt | ||
| 005 | 20231202115128.0 | ||
| 008 | 231202b |||||||| |||| 00| 0 eng d | ||
| 020 | _a8130005115 | ||
| 040 | _coclc | ||
| 082 |
_a894.8123 _bKAK/U |
||
| 100 |
_aKakkanadan, G V _96639 |
||
| 245 |
_aUshnamekhala / _cKakkanadan |
||
| 250 | _a3rd ed. | ||
| 260 |
_aKozhikode: _bPoorna Publications, _c2022. |
||
| 300 | _a356p. | ||
| 942 |
_2ddc _cBK _h894.8123 _iKAK/U _k894.8123 _mKAK/U |
||
| 999 |
_c43935 _d43935 |
||